Development of a solid-phase microextraction gas chromatography/tandem mass spectrometry method for polybrominated diphenyl ethers and polybrominated biphenyls in water samples /
Kaydedildi:
| Diğer Yazarlar: | , , , , , |
|---|---|
| Materyal Türü: | Makale |
| Dil: | English |
| Konular: | |
| Etiketler: |
Etiketle
Etiket eklenmemiş, İlk siz ekleyin!
|
| Thư viện lưu trữ: | Thư viện Trường Đại học Đà Lạt |
|---|
| LEADER | 01124nam a2200361 4500 | ||
|---|---|---|---|
| 001 | DLU090097788 | ||
| 005 | ##20091201 | ||
| 040 | # | # | |a DLU |b eng |
| 041 | # | # | |a eng |
| 044 | # | # | |a us |
| 245 | # | # | |a Development of a solid-phase microextraction gas chromatography/tandem mass spectrometry method for polybrominated diphenyl ethers and polybrominated biphenyls in water samples / |c M. Polo ... [et al.]. |
| 653 | # | # | |a Bromine compound |
| 653 | # | # | |a Chemical enrichment |
| 653 | # | # | |a Gas chromatography |
| 653 | # | # | |a Linearity |
| 653 | # | # | |a Mass spectrometry |
| 653 | # | # | |a Water |
| 700 | # | # | |a Cela, R. |
| 700 | # | # | |a Garcia-Jares, C. |
| 700 | # | # | |a Gomez-Noya, G. |
| 700 | # | # | |a Llompart, M. |
| 700 | # | # | |a Polo, M. |
| 700 | # | # | |a Quintana, J. B. |
| 773 | # | # | |t Analytical Chemistry |g Vol. 76, no. 4 (February 2004), p. 1054-1062 |
| 920 | # | # | |a Phòng Tạp chí -- Trung tâm Thông tin - Thư viện Trường Đại học Đà Lạt |
| 994 | # | # | |a DLU |
| 900 | # | # | |a True |
| 911 | # | # | |a Trương Bảo Trâm Anh |
| 925 | # | # | |a G |
| 926 | # | # | |a A |
| 927 | # | # | |a BB |
| 980 | # | # | |a Thư viện Trường Đại học Đà Lạt |